000 nam a22 a 4500
999 _c94
_d94
003 AKMAL
005 20170417122407.0
008 170417t2004 my e 000 0 eng d
020 _a9770218828000 (pbk.)
040 _aAKMAL
082 0 4 _a336.2409595
_222
090 0 0 _a336.2409595
_bMAL
245 0 0 _aMalaysian master tax guide 2004 /
_cby CCH tax editors ; consultants editors : Veerinderjeet Singh, Teoh Boon Kee
250 _a21st ed.
260 _a[Malaysia] :
_bCCH Asia,
_c2004
300 _axii, 890p. ;
_c23cm.
650 1 0 _aTaxation
_vGuidebooks
_zMalaysia
_9243
650 2 0 _aIncometax
_xGuidebooks
_zMalaysia
_9244
700 1 _aVeerinderjeet Singh
_9245
700 0 _aTeoh, Boon Kee
_9246
942 _2ddc
_cBOOK
950 _lAKMAL